000 00783cam a2200277 i 4500
001 768714001
003 CO-MdFUSB
005 20230718115721.0
007 ta
008 230615t1979 -ck||||g |||| 00| | spa d
040 _bspa
_aCO-MdFUSB
_cCO-MdFUSB
_dCO-MdFUSBC
_erda
041 _aspa
082 0 4 _223
_aG 253.5
_bC6491m
245 0 0 _aManual de consejería
_c/ Club 700
264 1 _aBogotá , Colombia :
_bBuena Semilla,
_c[1979]
264 4 _c© 1979
300 _a160 páginas
_c; 21 cm
336 _atexto
_btxt
_2rdacontent
337 _2rdamedia
_asin mediación
_bn
338 _2rdacarrier
_avolumen
_bnc
520 _aTemas claves con los versos correspondientes.
563 _aRustico
650 0 _9228
_aConsejería pastoral
942 _cBK
945 _aMag1104
999 _c42859
_d42859